|
|
|
|
| LEADER |
00000nam a2200000 a 4500 |
| 001 |
vtls001297638 |
| 003 |
SK-MaSNL |
| 005 |
20260223172023.0 |
| 008 |
970801s1954 xx 0 und |
| 035 |
|
|
|a SNK000249548
|
| 040 |
|
|
|a SNK
|b slo
|c SNK
|e AACR2
|
| 245 |
1 |
|
|a ČSN 01 4450 Surface Rougnness
|
| 260 |
|
|
|a Praha
|b ÚNM
|c 1954
|
| 300 |
|
|
|a 7 s.
|
| 999 |
|
|
|c 629442
|d 631372
|
| 952 |
|
|
|t P60, <04>, [BOOK], {604}
|a SNK
|b SNK
|y VYP
|7 0
|p 17A0083894
|o snkČSN 01 4450
|0 0
|1 0
|4 0
|d 1997-08-01
|l 0
|r 2005-01-02 00:00:00
|w 2026-02-23
|
| 952 |
|
|
|t P60, <04>, [BOOK], {604}
|a SNK
|b SNK
|y VYP
|7 0
|p 17A0086562
|o snkČSN 01 4450
|0 0
|1 0
|4 0
|d 1997-08-01
|l 0
|r 2005-01-02 00:00:00
|w 2026-02-23
|